[Event "Aeroflot Open B 2017"]
[Site "Moscow RUS"]
[Date "2017.02.24"]
[Round "4.12"]
[White "Korchmar, Vasiliy"]
[Black "Sivuk, Vitaly"]
[Result "0-1"]
[WhiteTitle "IM"]
[BlackTitle "GM"]
[WhiteElo "2409"]
[BlackElo "2520"]
[WhiteFideId "24131750"]
[BlackFideId "14116502"]
[EventDate "2017.02.21"]

1. d4 Nf6 2. c4 e6 3. Nc3 Bb4 4. e3 O-O 5. Bd3 c5 6. Nf3 d5 7. cxd5 cxd4 8. exd4
Nxd5 9. O-O h6 10. Bc2 Nf6 11. Ne5 Nc6 12. Nxc6 bxc6 13. Qd3 Re8 14. Ne4 Bd6 15.
Nxd6 Qxd6 16. Rd1 Bb7 17. Qh3 c5 18. dxc5 Qxc5 19. Bd3 Red8 20. Be3 Qb4 21. Bd2
Qe7 22. Bc3 Nd5 23. Be5 Qg5 24. Qg3 f6 25. Qxg5 hxg5 26. Bg3 Nf4 27. Bf1 Rac8
28. f3 Rxd1 29. Rxd1 Bd5 30. h4 Nh5 31. Bf2 gxh4 32. Bxa7 Ra8 33. Bd4 Rxa2 34.
b4 Nf4 35. b5 h3 36. gxh3 Bxf3 37. Rb1 Ne2+ 38. Bxe2 Rxe2 39. b6 Bb7 40. Bf2 e5
41. h4 Rd2 42. Kf1 g6 43. Ke1 Rd7 44. Be3 Kf7 45. Kf2 Ke6 46. Rg1 Be4 47. Ra1 f5
48. Re1 Rd5 49. Bg5 Rb5 50. Bd8 Rb2+ 51. Ke3 Rb4 52. Bc7 Rd4 53. Rg1 f4+ 54. Ke2
Rb4 55. Rg5 Rb2+ 56. Ke1 Bf5 57. h5 f3 58. Rxf5 gxf5 59. h6 e4 60. Be5 Rb1+ 61.
Kf2 Kxe5 62. h7 Kf4 0-1

[Event "Aeroflot Open B 2017"]
[Site "Moscow RUS"]
[Date "2017.02.24"]
[Round "4.13"]
[White "Konovalov, Nikolay"]
[Black "Pustovoitova, Daria"]
[Result "1/2-1/2"]
[WhiteTitle "GM"]
[BlackTitle "FM"]
[WhiteElo "2501"]
[BlackElo "2407"]
[WhiteFideId "4170962"]
[BlackFideId "4182146"]
[EventDate "2017.02.21"]

1. g3 Nf6 2. Bg2 g6 3. c4 c5 4. Nc3 Bg7 5. e4 d6 6. Nge2 Nc6 7. O-O O-O 8. d3 a6
9. a4 Bd7 10. h3 Ne8 11. Be3 Nc7 12. d4 cxd4 13. Nxd4 Ne6 14. Nde2 Rb8 15. b3
Nc5 16. Rb1 Nb4 17. Qd2 b6 18. Rfd1 Re8 19. Kh2 Qc8 20. Nf4 Qd8 21. h4 Nc6 22.
f3 Ne5 23. Bf2 Bh6 24. Be3 Bg7 25. Kh1 Qc8 26. Bf2 Bh6 27. Be3 Bg7 28. Bf2 Bh6
29. Be3 Bg7 1/2-1/2

[Event "Aeroflot Open B 2017"]
[Site "Moscow RUS"]
[Date "2017.02.24"]
[Round "4.14"]
[White "Potapov, Pavel"]
[Black "Sargsyan, Shant"]
[Result "1-0"]
[WhiteTitle "GM"]
[BlackTitle "CM"]
[WhiteElo "2493"]
[BlackElo "2399"]
[WhiteFideId "4169786"]
[BlackFideId "13306766"]
[EventDate "2017.02.21"]

1. e4 c5 2. c3 Nf6 3. e5 Nd5 4. Bc4 Nb6 5. Bb3 d5 6. exd6 Qxd6 7. Nf3 c4 8. Bc2
Qe6+ 9. Qe2 Qxe2+ 10. Kxe2 Nc6 11. Re1 e5 12. Kf1 f6 13. d4 cxd3 14. Bxd3 Be6
15. Nbd2 Rd8 16. Be4 Kf7 17. b3 Nd5 18. Bb2 Nf4 19. Rad1 Be7 20. Nb1 g5 21. g3
Ng6 22. c4 g4 23. Nfd2 Nb4 24. Nc3 f5 25. Bb1 Bf6 26. Nb5 e4 27. Bxf6 Kxf6 28.
Nxa7 Ne5 29. Nb5 Nbd3 30. Bxd3 Rxd3 31. c5 h5 32. Nd6 Bd5 33. Re3 h4 34. Ke2
hxg3 35. hxg3 Rh2 36. Rf1 Ke6 37. Nb5 Bc6 38. a4 Kd5 39. Nd6 Rh5 40. b4 Bxa4 41.
Ra1 Bc6 42. Ra8 Rh1 43. Rd8 Ke6 44. Rxd3 Nxd3 45. Nb3 Nxb4 46. Nd4+ Ke5 47. Nc4+
Kf6 48. Rd6+ Kg7 49. Ne5 Nd3 50. Nxd3 exd3+ 51. Kxd3 f4 52. gxf4 Rd1+ 53. Ke2
Bf3+ 54. Nxf3 Rxd6 55. cxd6 gxf3+ 56. Kxf3 Kf7 57. f5 1-0

[Event "Aeroflot Open B 2017"]
[Site "Moscow RUS"]
[Date "2017.02.24"]
[Round "4.16"]
[White "Shtembuliak, Evgeny"]
[Black "Nihal, Sarin"]
[Result "1/2-1/2"]
[WhiteTitle "IM"]
[BlackTitle "FM"]
[WhiteElo "2477"]
[BlackElo "2386"]
[WhiteFideId "14113325"]
[BlackFideId "25092340"]
[EventDate "2017.02.21"]

1. e3 Nf6 2. Nf3 e6 3. b3 b6 4. Bb2 Bb7 5. g3 d5 6. Bg2 Nbd7 7. O-O Bd6 8. c4
O-O 9. Nc3 a6 10. d4 Re8 11. Rc1 Qe7 12. Qc2 Rad8 13. Rfd1 dxc4 14. bxc4 c5 15.
d5 exd5 16. Nh4 g6 17. Nxd5 Nxd5 18. Bxd5 Bxd5 19. Rxd5 Be5 20. Ng2 Bxb2 21.
Qxb2 Ne5 22. Qxb6 Nf3+ 23. Kh1 Rb8 24. Qxc5 Qxc5 25. Rxc5 Rb2 26. Ne1 Nxe1 27.
Rxe1 Rxf2 28. Kg1 Rxa2 29. Rf1 1/2-1/2

[Event "Aeroflot Open B 2017"]
[Site "Moscow RUS"]
[Date "2017.02.24"]
[Round "4.17"]
[White "Diermair, Andreas"]
[Black "Sindarov, Javokhir"]
[Result "1/2-1/2"]
[WhiteTitle "IM"]
[BlackTitle "CM"]
[WhiteElo "2465"]
[BlackElo "2374"]
[WhiteFideId "1612468"]
[BlackFideId "14205483"]
[EventDate "2017.02.21"]

1. d4 Nf6 2. c4 g6 3. Nc3 Bg7 4. e4 d6 5. Nf3 O-O 6. Be2 c5 7. O-O cxd4 8. Nxd4
Nc6 9. Be3 Bd7 10. Nc2 Rc8 11. f3 Be6 12. Rb1 a6 13. Nd5 Nd7 14. Qd2 Re8 15.
Rfc1 Qa5 16. Qxa5 Nxa5 17. b3 Nc6 18. Nf4 Bh6 19. Rd1 Nf6 20. g4 Bd7 21. Kg2 b5
22. Nd5 Nxd5 23. exd5 Nb4 24. Bxh6 Nxc2 25. Rbc1 Na3 26. Rc3 e6 27. Kf2 b4 28.
Rcc1 e5 29. Bd3 f6 30. h4 Kf7 31. Bd2 a5 32. h5 f5 33. Rh1 Rh8 34. Kg3 Kf6 35.
Rh2 g5 36. h6 f4+ 37. Kf2 Be8 38. Ke2 Bg6 39. Bxg6 Kxg6 40. Kd3 Rc5 41. Rd1 Kf6
42. Be1 Rhc8 43. Bf2 R8c7 44. Bxc5 Rxc5 45. Rhh1 Kg6 46. Rc1 Kf6 1/2-1/2

[Event "Aeroflot Open B 2017"]
[Site "Moscow RUS"]
[Date "2017.02.24"]
[Round "4.18"]
[White "Bakunts, Rafael"]
[Black "Kotanjian, Tigran"]
[Result "1/2-1/2"]
[BlackTitle "GM"]
[WhiteElo "2386"]
[BlackElo "2464"]
[WhiteFideId "13304097"]
[BlackFideId "13301250"]
[EventDate "2017.02.21"]

1. e4 c5 2. Nf3 d6 3. d4 cxd4 4. Nxd4 Nf6 5. Nc3 a6 6. Be3 e6 7. f3 h5 8. Qd2
Nbd7 9. Bc4 Ne5 10. Bb3 b5 11. O-O-O Bd7 12. a3 Rb8 13. Kb1 Be7 14. h3 h4 15.
Rhe1 a5 16. Ndxb5 Rxb5 17. f4 Ng6 18. Nxb5 Bxb5 19. f5 exf5 20. exf5 Ne5 21. Bf4
Qb8 22. Qxa5 Nfd7 23. Qb4 f6 24. Bd5 Ba6 25. Qa5 Qb6 26. Qc3 Qc5 27. Qb3 Bc4 28.
Bxc4 Nxc4 29. Qb7 Nde5 30. Qa8+ Bd8 31. Bxe5 fxe5 32. Rd5 Nb6 33. Rxc5 Nxa8 34.
Rb5 Kd7 35. Rd1 Re8 36. c4 Nc7 37. Rb6 Be7 38. a4 e4 39. Kc2 Rf8 40. Re1 Rxf5
41. Rxe4 Rf2+ 42. Kd1 Rxg2 43. Rg4 Rxg4 44. hxg4 d5 45. cxd5 h3 46. Rb3 h2 47.
Rh3 Bd6 48. Ke2 Nxd5 49. Kf3 Kc6 50. g5 Kc5 51. Ke4 Ne7 52. b3 Kb4 53. Kd4 Bb8
54. Ke4 Bc7 55. Kd4 Nf5+ 56. Kd5 Ne3+ 57. Ke6 Nf1 58. Kf7 Be5 59. g6 Bc3 60.
Rh4+ Kc5 61. b4+ Kd6 62. a5 Bf6 63. Rh5 Be5 64. a6 Kc6 65. b5+ Kb6 66. Rh3 Ne3
67. Rxh2 Bxh2 68. Kxg7 Ng4 69. Kh8 Nf6 70. g7 1/2-1/2

[Event "Aeroflot Open B 2017"]
[Site "Moscow RUS"]
[Date "2017.02.24"]
[Round "4.22"]
[White "Salman, Pavel"]
[Black "Abdumalik, Zhansaya"]
[Result "1/2-1/2"]
[WhiteTitle "FM"]
[BlackTitle "WGM"]
[WhiteElo "2197"]
[BlackElo "2430"]
[WhiteFideId "24153753"]
[BlackFideId "13703544"]
[EventDate "2017.02.21"]

1. Nf3 Nf6 2. c4 c5 3. Nc3 Nc6 4. g3 d5 5. cxd5 Nxd5 6. Bg2 g6 7. O-O Bg7 8.
Nxd5 Qxd5 9. d3 O-O 10. Be3 Bd7 11. Nd4 Qd6 12. Nxc6 Bxc6 13. Bxc6 Qxc6 14. Rc1
Qa6 15. Qb3 b6 16. Rc4 Rfd8 17. Rfc1 Rd7 18. a3 Qb7 19. R1c2 Rad8 20. Rf4 e6 21.
Rfc4 Bf6 22. h4 h5 23. Qa2 Bd4 24. Bxd4 Rxd4 25. b4 Rxc4 26. Qxc4 cxb4 27. axb4
a5 28. Qc6 Qa7 29. Ra2 Ra8 30. Ra4 Qb8 31. Kg2 Ra7 32. bxa5 bxa5 33. e4 Kh7 34.
Qc5 Qa8 35. Qe5 Qd8 36. d4 Qd7 37. Rxa5 Rxa5 38. Qxa5 Qxd4 39. Qe1 Kg7 40. Kf3 1/2-1/2

[Event "Aeroflot Open B 2017"]
[Site "Moscow RUS"]
[Date "2017.02.24"]
[Round "4.23"]
[White "Fakhrutdinov, Timur"]
[Black "Lesovoi, Evgenij"]
[Result "1/2-1/2"]
[WhiteTitle "FM"]
[WhiteElo "2430"]
[BlackElo "2323"]
[WhiteFideId "24176702"]
[BlackFideId "24164135"]
[EventDate "2017.02.21"]

1. e4 e5 2. Nf3 Nf6 3. Nxe5 d6 4. Nf3 Nxe4 5. Nc3 Nxc3 6. dxc3 Be7 7. Be3 Nc6 8.
Qd2 Be6 9. O-O-O Qd7 10. Kb1 a6 11. h3 O-O-O 12. Ng5 Bxg5 13. Bxg5 Rde8 14. c4
Bf5 15. Be3 Qe7 16. Be2 h5 17. Rhe1 Qe6 18. Bf1 Qg6 19. Qc3 Re5 20. Bf4 Rxe1 21.
Rxe1 f6 22. Be3 Qe8 23. b3 Qe5 24. Kb2 Re8 25. Rd1 Be4 26. Bd2 a5 27. Re1 Qxc3+
28. Bxc3 Kd7 29. a3 b6 30. f4 Nd8 31. g3 Bf5 32. Rxe8 Kxe8 33. Be2 Bxh3 34.
Bxh5+ Ke7 35. Bd2 Ne6 36. Be3 Nc5 37. Bf3 Bf5 38. g4 Be4 39. Be2 g6 40. Kc3 Ne6
41. Kd2 d5 42. c3 c5 43. Bd3 Bxd3 44. Kxd3 dxc4+ 45. Kxc4 Kd6 46. Kb5 Nc7+ 47.
Kc4 b5+ 48. Kd3 f5 49. gxf5 gxf5 50. c4 b4 51. axb4 axb4 52. Bf2 Ne6 53. Be3 Nf8
54. Bc1 Ne6 1/2-1/2

[Event "Aeroflot Open B 2017"]
[Site "Moscow RUS"]
[Date "2017.02.24"]
[Round "4.24"]
[White "Atabayev, Saparmyrat"]
[Black "Ragnarsson, Dagur"]
[Result "1/2-1/2"]
[WhiteTitle "FM"]
[BlackTitle "FM"]
[WhiteElo "2422"]
[BlackElo "2276"]
[WhiteFideId "14000571"]
[BlackFideId "2304058"]
[EventDate "2017.02.21"]

1. e4 e6 2. d4 d5 3. Nc3 Nf6 4. e5 Nfd7 5. f4 c5 6. Nf3 Nc6 7. Be3 cxd4 8. Nxd4
Bc5 9. Qd2 O-O 10. O-O-O Bxd4 11. Bxd4 a6 12. g4 b5 13. Bg2 b4 14. Nxd5 exd5 15.
Bxd5 Qc7 16. Rhe1 Nxd4 17. Qxd4 Rb8 18. f5 Nc5 19. e6 fxe6 20. fxe6 Qe7 21. Bc4
Bxe6 22. Re5 Rbc8 23. Rde1 Rc6 24. Bxe6+ Rxe6 25. Qc4 Re8 26. Rxc5 Qxc5 27. Qxc5
Rxe1+ 28. Kd2 R1e4 29. Qd5+ Kh8 30. b3 Rxg4 31. Kc1 h6 32. Qa5 Rh4 33. Qxa6 Rxh2
34. Qd6 Ree2 35. Qd8+ Kh7 36. Qd3+ Kh8 37. Qd8+ 1/2-1/2

[Event "Aeroflot Open B 2017"]
[Site "Moscow RUS"]
[Date "2017.02.24"]
[Round "4.27"]
[White "Sviridov, Valery"]
[Black "Yeletsky, Ivan"]
[Result "1-0"]
[BlackTitle "FM"]
[WhiteElo "2515"]
[BlackElo "2369"]
[WhiteFideId "4120680"]
[BlackFideId "24180327"]
[EventDate "2017.02.21"]

1. d4 d5 2. c4 c6 3. Nf3 Nf6 4. Qc2 dxc4 5. Qxc4 Bg4 6. Nbd2 Nbd7 7. g3 e6 8.
Bg2 Be7 9. O-O O-O 10. Qb3 Qb6 11. Nc4 Qa6 12. Re1 Bh5 13. e4 c5 14. d5 exd5 15.
exd5 Rfe8 16. d6 Bxd6 17. Nxd6 Qxd6 18. Bf4 Qa6 19. Nh4 Qa5 20. Qc3 Rxe1+ 21.
Rxe1 Qxa2 22. Nf5 Re8 23. Ne7+ Kh8 24. Bxb7 Bg4 25. Bd6 Qa4 26. Bc6 Qd4 27. Qxd4
cxd4 28. f3 Be6 29. Rd1 Rd8 30. Rxd4 Nb6 31. Bc5 Rxd4 32. Bxd4 Ng8 33. Nxg8 Kxg8
34. Kf2 f6 35. Ke3 Kf7 36. f4 Ke7 37. Bc5+ Kd8 38. Kd4 Bb3 39. Be4 g6 40. g4 Kc7
41. h4 Bd1 42. g5 fxg5 43. hxg5 Bg4 44. b4 Bh3 45. Bc2 Be6 46. Ke5 Ba2 47. Bxb6+
Kxb6 48. Kf6 Kb5 49. Kg7 Kxb4 50. Kxh7 Kc3 51. Bxg6 a5 52. f5 a4 53. f6 1-0

[Event "Aeroflot Open B 2017"]
[Site "Moscow RUS"]
[Date "2017.02.24"]
[Round "4.28"]
[White "Gorbatov, Alexej"]
[Black "Triapishko, Alexandr"]
[Result "1/2-1/2"]
[WhiteTitle "IM"]
[WhiteElo "2374"]
[BlackElo "2500"]
[WhiteFideId "4111834"]
[BlackFideId "14122286"]
[EventDate "2017.02.21"]

1. Nf3 Nc6 2. d4 d5 3. Bf4 Bg4 4. Nbd2 e6 5. c3 Bd6 6. Bg3 Nf6 7. Qa4 Nd7 8.
Bxd6 cxd6 9. Qa3 Nf6 10. e3 O-O 11. Bb5 Na5 12. O-O a6 13. Bd3 b5 14. b3 Nc6 15.
c4 b4 16. Qb2 dxc4 17. Bxc4 a5 18. a3 Qb6 19. axb4 Nxb4 20. Rfc1 d5 21. Bf1 Nd7
22. Rc3 h6 23. Rac1 Bf5 24. Qa3 Rfb8 25. Rc7 Qd6 26. R1c6 Qf8 27. Rc1 Qd8 28.
R1c3 Nb6 29. R7c5 Nd7 30. Rc7 Bg6 31. h3 Bf5 32. Be2 Nb6 33. R7c5 Nd7 34. Rc7
Be4 35. Rc1 Bd3 36. Bxd3 Nxd3 37. R1c3 Nb4 38. g3 Na6 39. R7c6 Nb4 40. Rc7 g6
41. Kg2 Na6 42. R7c6 Qf8 43. Qxf8+ Kxf8 44. Ne1 Ke7 45. Nd3 Ra7 46. Ne5 Nxe5 47.
dxe5 Nb4 48. Rc7+ Rxc7 49. Rxc7+ Kf8 50. Nf3 g5 51. Nd4 Na6 52. Rc3 Rb7 53. f4
gxf4 54. gxf4 Nb4 55. Rc8+ Kg7 56. Ra8 Rc7 57. Rxa5 Nc2 58. Nxc2 Rxc2+ 59. Kf3
Rc3 60. Kf2 Rxb3 61. Ra7 Kg6 62. Rd7 h5 63. Kf3 Rb1 64. Rd8 Rh1 65. Kg2 Ra1 66.
Kf3 Kg7 67. Rd7 h4 68. Kg4 Re1 69. Kxh4 Rxe3 70. Kg4 Re1 71. h4 Rg1+ 72. Kf3 Rh1
73. Kg4 Kg6 74. Kg3 f6 75. exf6 Kxf6 76. Kg4 Rg1+ 77. Kf3 Rd1 78. Kg4 Rd4 79.
Kf3 Rd3+ 1/2-1/2

[Event "Aeroflot Open B 2017"]
[Site "Moscow RUS"]
[Date "2017.02.24"]
[Round "4.29"]
[White "Gavrilov, Alexei1"]
[Black "Gurvich, Vitaly"]
[Result "1-0"]
[WhiteTitle "GM"]
[BlackTitle "FM"]
[WhiteElo "2495"]
[BlackElo "2342"]
[WhiteFideId "4104358"]
[BlackFideId "24164852"]
[EventDate "2017.02.21"]

1. d4 Nf6 2. c4 e6 3. Nf3 b6 4. a3 Ba6 5. Qc2 c5 6. d5 exd5 7. cxd5 Be7 8. Nc3
O-O 9. e4 Bxf1 10. Kxf1 d6 11. g3 Nbd7 12. Kg2 a6 13. a4 Qc7 14. b3 Qb7 15. Bb2
Rfe8 16. Rhe1 Bf8 17. Nd2 b5 18. f3 Reb8 19. Reb1 g6 20. Ra2 Bh6 21. Rba1 bxa4
22. Nxa4 Bxd2 23. Qxd2 Qxb3 24. Bc3 Qb7 25. Qf4 Ne8 26. h4 f6 27. h5 Ne5 28.
hxg6 hxg6 29. Rh1 Qg7 30. g4 Qe7 31. Kg3 Ng7 32. Rah2 g5 33. Qd2 Ng6 34. Nb2 Kf7
35. Nc4 Rh8 36. Rxh8 Rxh8 37. Rxh8 Nxh8 38. Qa2 Ng6 39. Qxa6 Ne8 40. Qc8 Nf4 41.
Bd2 Nd3 42. Ba5 Ne5 43. Bd8 Qf8 44. Nxe5+ dxe5 45. Bb6 Qe7 46. Bxc5 Qc7 47. Qe6+
Kg7 48. Qe7+ Qxe7 49. Bxe7 Kf7 50. Bd8 Nd6 51. Kf2 Nb7 52. Bb6 Ke7 53. Ke3 Kd7
54. Kd3 Kd6 55. Kc4 Kd7 56. Bc5 Na5+ 57. Kb5 Nb3 58. Be3 Na1 59. Kc4 Nc2 60. Bf2
Na3+ 61. Kb4 1-0

[Event "Aeroflot Open B 2017"]
[Site "Moscow RUS"]
[Date "2017.02.24"]
[Round "4.30"]
[White "Ovod, Evgenija"]
[Black "Matinian, Nikita"]
[Result "0-1"]
[WhiteTitle "IM"]
[BlackTitle "IM"]
[WhiteElo "2380"]
[BlackElo "2494"]
[WhiteFideId "4131827"]
[BlackFideId "24129100"]
[EventDate "2017.02.21"]

1. d4 g6 2. e4 Bg7 3. Nf3 d6 4. c3 Nf6 5. Bd3 O-O 6. O-O Nc6 7. Re1 e5 8. Nbd2
Nh5 9. Nb3 h6 10. Be3 Re8 11. h3 Qf6 12. d5 Ne7 13. Bf1 Nf4 14. Kh2 g5 15. g3
Nfg6 16. Nfd2 Nf8 17. Be2 Qg6 18. Bg4 Qh7 19. Bxc8 Rexc8 20. c4 f5 21. exf5 Qxf5
22. Qg4 Qxg4 23. hxg4 c6 24. Ne4 cxd5 25. Nxd6 Rc6 26. Nxb7 Rxc4 27. Bc5 Nc6 28.
Rac1 Ne6 29. Bd6 Ned4 30. Nxd4 exd4 31. Nc5 Rd8 32. Bc7 Rc8 33. Bd6 Rd8 34. Bc7
Rc8 35. Bd6 Nb4 36. a3 Nc2 37. Re2 Nxa3 38. Rce1 Nb5 39. Re8+ Rxe8 40. Rxe8+ Kh7
41. Be7 Rc2 42. Nd3 Rd2 43. Rb8 a6 44. Rb7 Kg6 45. Nb4 d3 46. Bc5 Rxf2+ 47. Bxf2
d2 48. Nxd5 d1=Q 49. Ne7+ Kf7 50. Nf5+ Kf8 51. Rb8+ 0-1

[Event "Aeroflot Open B 2017"]
[Site "Moscow RUS"]
[Date "2017.02.24"]
[Round "4.31"]
[White "Belyakov, Bogdan"]
[Black "Esenov, Annaberdi"]
[Result "1/2-1/2"]
[WhiteTitle "IM"]
[BlackTitle "FM"]
[WhiteElo "2487"]
[BlackElo "2302"]
[WhiteFideId "24104795"]
[BlackFideId "14000644"]
[EventDate "2017.02.21"]

1. e4 c6 2. Nc3 d5 3. d4 dxe4 4. Nxe4 Bf5 5. Ng3 Bg6 6. h4 h6 7. f4 e6 8. Nf3
Nd7 9. h5 Bh7 10. Bd3 Bxd3 11. Qxd3 Qc7 12. Bd2 O-O-O 13. Qe2 Ngf6 14. O-O-O c5
15. Kb1 Nb6 16. dxc5 Bxc5 17. Ne4 Nxe4 18. Qxe4 Rhe8 19. c4 f6 20. Ba5 Qc6 21.
Rxd8+ Rxd8 22. Qxc6+ bxc6 23. Re1 Re8 24. Bxb6 axb6 25. Re2 Kd7 26. Rd2+ Kc7 27.
g3 e5 28. Re2 Bd6 29. Nd4 Kd7 30. Nf5 Bf8 31. Kc2 Ke6 32. Nd4+ Kd7 33. Nf3 Bd6
34. fxe5 fxe5 35. Kd3 Rf8 36. Ke4 Ke6 37. Rd2 Rf7 38. b3 Rf8 39. Rh2 Rf5 40. Rh3
Ba3 41. Rh4 Be7 42. Rh1 Bd6 43. a4 Be7 44. Rh2 Bb4 45. Rh4 Be7 46. Rg4 Bf6 47.
c5 b5 48. a5 Rxh5 49. Rh4 Bxh4 50. g4 Bf2 51. gxh5 Bxc5 52. Nxe5 Kd6 53. Nd3 Ba7
54. Nf4 c5 55. Kd3 Kc6 56. Ne6 Kb7 57. Nxg7 Bb8 58. Ke4 Bd6 59. Kd5 Be7 60. Ne6
Ka6 61. Nxc5+ Bxc5 62. Kxc5 Kxa5 63. Kc6 Kb4 64. Kb6 Kxb3 65. Kxb5 Ka3 66. Kc4
Ka4 1/2-1/2

[Event "Aeroflot Open B 2017"]
[Site "Moscow RUS"]
[Date "2017.02.24"]
[Round "4.32"]
[White "Kakageldyev, Amanmurad"]
[Black "Deviatkin, Andrei"]
[Result "0-1"]
[WhiteTitle "IM"]
[BlackTitle "GM"]
[WhiteElo "2374"]
[BlackElo "2485"]
[WhiteFideId "14000024"]
[BlackFideId "4121260"]
[EventDate "2017.02.21"]

1. d4 d5 2. c4 c6 3. Nf3 Nf6 4. Nc3 e6 5. Bg5 Nbd7 6. e3 Qa5 7. Nd2 dxc4 8. Bxf6
Nxf6 9. Nxc4 Qc7 10. Be2 Be7 11. O-O O-O 12. Rc1 Rd8 13. Qb3 Bd7 14. Rfd1 Rac8
15. Bf3 Be8 16. e4 b5 17. Ne3 Qb8 18. e5 Nd7 19. Ne4 c5 20. Nxc5 Nxc5 21. dxc5
Rxd1+ 22. Qxd1 Rxc5 23. Rxc5 Bxc5 24. Qd3 Bb6 25. Be4 Qxe5 26. Bxh7+ Kh8 27. Be4
Qxb2 28. Qd6 Qc1+ 29. Nd1 Kg8 30. g3 Bc7 31. Qd4 Bb6 32. Qd6 Qc7 33. Qd2 Qe5 34.
Bf3 Qd4 35. Qc1 Bc5 36. Kg2 a5 37. Qc2 b4 38. Qe2 Qd6 39. Qe4 Qb8 40. Qc4 Qb5
41. Qe4 a4 42. Qa8 a3 43. h4 Kf8 44. h5 Bd4 45. Qe4 Qb6 46. Qa8 Ke7 47. Ne3 Bxe3
48. fxe3 Bd7 49. Kf2 Qc5 50. Qb7 f5 51. Bd1 Qb5 52. Qc7 Qc6 53. Qf4 Qc3 54. Bb3
Bb5 55. Kg1 Kd7 56. Kh2 Qb2+ 57. Kh3 Qe2 58. Qd4+ Ke8 59. Bd1 Qf1+ 60. Kh4 Qc4
61. Bb3 Qxd4+ 62. exd4 Kf7 0-1

[Event "Aeroflot Open B 2017"]
[Site "Moscow RUS"]
[Date "2017.02.24"]
[Round "4.34"]
[White "Kakabaev, Mergen"]
[Black "Duzhakov, Ilya"]
[Result "1/2-1/2"]
[WhiteTitle "FM"]
[BlackTitle "FM"]
[WhiteElo "2329"]
[BlackElo "2424"]
[WhiteFideId "14002990"]
[BlackFideId "4192516"]
[EventDate "2017.02.21"]

1. e4 c5 2. Nf3 d6 3. d4 cxd4 4. Nxd4 Nf6 5. Nc3 a6 6. Bg5 e6 7. f4 h6 8. Bh4
Qb6 9. Qd3 Qxb2 10. Rb1 Qa3 11. f5 Be7 12. fxe6 Bxe6 13. Nxe6 fxe6 14. e5 dxe5
15. Bxf6 Bxf6 16. Be2 O-O 17. O-O Nc6 18. Rxb7 Rad8 19. Qh3 Nd4 20. Bg4 Bg5 21.
Rbb1 Kh8 22. Ne4 Qe3+ 23. Qxe3 Bxe3+ 24. Kh1 Nxc2 25. Bxe6 Rxf1+ 26. Rxf1 Bb6
27. h4 Ne3 28. Rb1 Rd1+ 29. Rxd1 Nxd1 30. h5 Kh7 31. Bf7 Ne3 32. Kh2 Ng4+ 33.
Kg3 Nf6 1/2-1/2

[Event "Aeroflot Open B 2017"]
[Site "Moscow RUS"]
[Date "2017.02.24"]
[Round "4.38"]
[White "Khomeriki, Nino"]
[Black "Ivanov, Oleg V UKR"]
[Result "1/2-1/2"]
[WhiteTitle "WIM"]
[BlackTitle "IM"]
[WhiteElo "2317"]
[BlackElo "2482"]
[WhiteFideId "13603191"]
[BlackFideId "14110709"]
[EventDate "2017.02.21"]

1. d4 e6 2. c4 f5 3. Nc3 Nf6 4. g3 d5 5. Bg2 c6 6. Nh3 Bd6 7. O-O O-O 8. b3 Qe7
9. Bb2 b6 10. Qc2 Ba6 11. Rfe1 Nbd7 12. e3 Rac8 13. Nf4 g5 14. Nd3 Ba3 15. Bxa3
Qxa3 16. Qb2 Qxb2 17. Nxb2 Kf7 18. a4 Ke7 19. a5 b5 20. c5 e5 21. dxe5 Ne4 22.
Na2 b4 23. Nxb4 Bb5 24. f3 Nexc5 25. Nc2 Nxb3 26. Ra3 Nbc5 27. f4 Ne6 28. Nd4
Nxd4 29. exd4 gxf4 30. gxf4 Rg8 31. Rh3 Rg7 32. Nd1 Rb8 33. Ne3 Bd3 34. Nxd5+
cxd5 35. Rxd3 Nf8 36. Rg3 Rg6 37. Bxd5 Rd8 38. Bg2 Rxd4 39. Rb1 Rxf4 40. Rb7+
Ke6 41. Rxa7 Ra4 42. Rxg6+ Nxg6 43. a6 Ra1+ 44. Bf1 Nxe5 45. Rxh7 f4 46. a7 Kf5
47. h3 Nc6 48. Rf7+ Ke5 49. Kf2 Nxa7 50. Re7+ Kd4 51. Bg2 Ra2+ 52. Kf3 Nc6 53.
Re4+ Kc5 54. Bf1 Nd4+ 55. Kg4 f3 56. h4 Ra1 57. Bd3 Rd1 58. Ba6 Ra1 59. Bd3 Rd1
60. Ba6 Rg1+ 61. Kh5 Ra1 62. Bd3 Kd5 63. Re8 Ne6 64. Kh6 f2 65. h5 Ke5 66. Kh7
f1=Q 67. Bxf1 Rxf1 68. h6 Kf6 69. Kh8 Rh1 70. Rxe6+ Kxe6 71. h7 Ke7 72. Kg7 Rg1+
73. Kh8 Rf1 74. Kg7 Rg1+ 75. Kh8 Ra1 76. Kg7 Rg1+ 77. Kh8 1/2-1/2

[Event "Aeroflot Open B 2017"]
[Site "Moscow RUS"]
[Date "2017.02.24"]
[Round "4.40"]
[White "Papin, Vasily"]
[Black "Demianjuk, Alexander"]
[Result "0-1"]
[WhiteTitle "GM"]
[WhiteElo "2456"]
[BlackElo "2297"]
[WhiteFideId "4143183"]
[BlackFideId "4134249"]
[EventDate "2017.02.21"]

1. c4 e5 2. Nc3 Bb4 3. Nd5 Bc5 4. Nf3 c6 5. Nc3 d6 6. d4 exd4 7. Nxd4 Nf6 8. Nb3
Bb4 9. Bd2 O-O 10. a3 Bxc3 11. Bxc3 Ne4 12. Bd4 c5 13. Be3 Qf6 14. f3 Qxb2 15.
fxe4 Qc3+ 16. Bd2 Qxc4 17. Qb1 b6 18. Qd3 Qa4 19. Qg3 Qxe4 20. Bc3 f6 21. Qxd6
Qc4 22. Nd2 Qxc3 23. Qd5+ Rf7 24. Qd8+ Rf8 25. Qd5+ Kh8 26. Rd1 Nc6 27. Qxc6 Bg4
28. Qe4 f5 29. Qc4 Qxa3 30. Nf3 Rad8 31. Rxd8 Rxd8 32. Kf2 Qb4 33. e3 Bxf3 34.
Qxb4 cxb4 35. gxf3 Rd1 36. Rg1 a5 37. Bc4 Rd2+ 38. Kg3 Rc2 39. Be6 g6 40. Rd1
Rc6 41. Rd8+ Kg7 42. Bd5 Rc5 43. Rd7+ Kf8 44. e4 fxe4 45. fxe4 a4 46. Rf7+ Ke8
47. Ra7 b5 48. Kf4 b3 49. Bxb3 axb3 50. Ra3 b4 51. Rxb3 Rb5 52. Ke3 Ke7 53. Kd2
Ke6 54. Rf3 b3 55. Kc1 b2+ 56. Kb1 Rb7 57. Rf8 Ke5 58. Re8+ Kf4 59. e5 Kf5 60.
h3 g5 61. e6 Kf6 62. Rg8 Rg7 63. Rf8+ Kxe6 64. Kxb2 Rf7 65. Rg8 h6 66. Kc2 Rf2+
67. Kd1 Kf7 68. Ra8 Kg6 69. Ke1 Rh2 70. Ra3 Kh5 71. Kf1 Kh4 72. Ra6 h5 73. Ra4+
Kxh3 74. Ra3+ Kh4 75. Kg1 Rb2 76. Ra4+ g4 77. Ra5 g3 78. Kh1 Kg4 79. Kg1 h4 80.
Ra4+ Kh3 81. Ra1 Re2 82. Rb1 Kg4 83. Rb4+ Kf3 84. Rb1 h3 85. Kh1 Rd2 86. Ra1 Ke2
87. Rg1 Rd1 0-1